Biggest cities in Telangana - Statistics

General Stats
  • This quiz has been taken 10 times
  • The average score is 6 of 10
Answer Stats
Answer % Correct
Hyderabad
100%
Warangal
100%
Karimnagar
70%
Nizamabad
70%
Adilabad
60%
Khammam
60%
Mahabubnagar
60%
Nalgonda
60%
Ramagundam
40%
Mancherial
20%
No matching quizzes found
Score Distribution
Percent of People with Each Score
Percentile by Number Answered
Your Score History
You have not taken this quiz